000
00305nam a2200121Ia 4500
008
190216s9999||||xx |||||||||||||| ||und||
100
_a
Venkatesam E
245
0
_a
Hand Book Of Mercantile Law Commerce
260
_b
The Madras Law Journal Office
_c
1975
300
_a
658p
650
_a
Commerce
942
_c
BK
999
_c
5075
_d
5075